书目信息 |
| 题名: |
投资技巧
|
|
| 作者: | 特雷恩 , 特雷恩 著 | |
| 分册: | ||
| 出版信息: | 海南 海南出版社 1999.02 |
|
| 页数: | 286页 | |
| 开本: | 32开 | |
| 丛书名: | ||
| 单 册: | ||
| 中图分类: | F832.48 | |
| 科图分类: | ||
| 主题词: | 金融 , 银行 | |
| 电子资源: | ||
| ISBN: | 7-80645-253-2 | |
| 000 | 00559nam0 2200205 45 | |
| 001 | 0104181087 | |
| 005 | 20041206154139.95 | |
| 010 | @a7-80645-253-2@dCNY 19.80 | |
| 100 | @a20010418d1999 km y0chiy0120 ea | |
| 101 | 0 | @achi |
| 200 | 1 | @a投资技巧@ATou Zi Ji Qiao@f特雷恩著;周启凡译@FTe Lei En Zhu;Zhou Qi Fan Yi |
| 210 | @a海南@c海南出版社@d1999.02 | |
| 215 | @a286页@d32开 | |
| 606 | 0 | @a金融 |
| 606 | 0 | @a银行 |
| 690 | @aF832.48@v3 | |
| 701 | 0 | @a特雷恩@4著 |
| 701 | 0 | @a特雷恩@4著 |
| 801 | @aCN@bPftUser@c20041206 | |
| 905 | @b339587-589@dF832.48@eT219@f3 | |
| 投资技巧/特雷恩著;周启凡译.-海南:海南出版社,1999.02 |
| 286页;32开 |
| ISBN 7-80645-253-2:CNY 19.80 |
| ● |
| 相关链接 |
|
|
|
正题名:投资技巧
索取号:F832.48/T219
 
预约/预借
| 序号 | 登录号 | 条形码 | 馆藏地/架位号 | 状态 | 备注 |
| 1 | 339587 | 203395879 | 社科库409/409社科库 54排3列3层/ [索取号:F832.48/T219] | 在馆 | |
| 2 | 339588 | 203395888 | 社科库409/422社科库 33排3列4层/ [索取号:F832.48/T219] | 在馆 | |
| 3 | 339589 | 203395897 | 社科库409/422社科库 33排3列4层/ [索取号:F832.48/T219] | 在馆 | |
| 4 | 430510 | 204305108 | 社科库409/ [索取号:F832.48/T219] | 在馆 | |
| 5 | 430511 | 204305117 | 社科库409/409社科库 54排3列3层/ [索取号:F832.48/T219] | 在馆 | |
| 6 | 430512 | 204305126 | 社科库409/409社科库 54排3列3层/ [索取号:F832.48/T219] | 在馆 |